| 000 | 00622nam a2200265Ia 4500 | ||
|---|---|---|---|
| 008 | 210210b2000 xxu||||| |||| 00| 0 eng d | ||
| 020 | _a8173712352 | ||
| 041 | _aeng | ||
| 082 | _a363.7 CHRG | ||
| 100 | _aCHRISTIANSON (Gale E) | ||
| 245 | _aGreen house: the 200 year story of global warming | ||
| 260 |
_aHyderabad _bUniversities Press _c2000 |
||
| 300 | _axiii--305 | ||
| 650 | _ayear | ||
| 650 | _awarming | ||
| 650 | _athe | ||
| 650 | _astory | ||
| 650 | _aof | ||
| 650 | _ahouse: | ||
| 650 | _aGreen | ||
| 650 | _aglobal | ||
| 650 | _a200 | ||
| 690 | _aEnvironmental Pollution | ||
| 906 | _a063340 | ||
| 999 |
_c135932 _d135932 |
||